| 000 | 00414nam a22001217a 4500 | ||
|---|---|---|---|
| 082 | _a200 THE | ||
| 100 |
_aRamsha Warsi _970238 |
||
| 245 | _aTH-SOF-1419-"Impact of Performance Appraisal System on Organizational Citizenship Behavior in IT Sector of Pakistan" | ||
| 260 |
_aIslamabad _bNUST College of EME _c2017 |
||
| 650 | _aMS-EM-8 MSTHESIS | ||
| 700 |
_aSupervisor Dr. Faheem Qaisar Jamal _969764 |
||
| 942 | _cCF | ||
| 999 |
_c577244 _d577244 |
||